Регионална библиотека "Любен Каравелов" - Русе

Великотърновски манастири (Запис номер 388073)

MARC детайли
000 -Лидер
Контролно поле с фиксирана дължина nkm a22 a 4500
003 - Код на организацията, давaща контролен номер
Контролно поле BLK
005 - Дата и час на последна редакция
Контролно поле 20230407095534.0
008 - Елементи от данни с фиксирана дължина
fixed length control field 200923b bu ||||| |||| 00| 0 bu d
040 ## - Източник на каталожния запис
Идентификатор на билиотеката - собственик на записа BLK
041 ## - Код за език
Код за езика на текст/звукозапис или на отделно заглавие Български
Код за езика КДБФ Български
Други езици Руски
-- Немски
080 ## - УДК
Текстов определител УДК История на България
УДК код - определител по УДК 94(497.2)
УДК - код + определител 94(497.2)(084)
080 ## - УДК
Текстов определител УДК Манастирски сгради. Религиозни домове
УДК код - определител по УДК 726.7
УДК - код + определител 726.7(497.2)(084)
100 ## - Редна дума - Автор
Автор Цонев, Стефан
Авторска отговорност първи автор
R(LIN) 1299
139 ## - Редно поле
Редна дума Цонев, Стефан
Авторски знак Цонев - Ц 80
245 ## - Сведения за заглавието
Заглавие Великотърновски манастири
Подзаглавни данни [Изобразителен материал] : [Албум]
Редно поле (дума) Състав. и текст Стефан Цонев ;прев. Лариса Йотова; Михаил Матлиев.
250 ## - Област на изданието
Сведения за изданието 2 -ро изд.
257 ## - Страна на издаване
Страна на създаване/издаване България
260 ## - Област на издателските данни
9 (RLIN) 210539
Име на издателя, разпространителя и проч. Септември
Година на издаване 19854
Издателство - префикс ISBN 954-406-
Място на издаване, разпространение и проч. Велико Търново
300 ## - Физическа характеристика
Страници 52 с.
Илюстрации и др. с ил.
Размери/Мащаб 19х22 см
380 ## - Жанр
Жанр История
501 ## - Забележка „подвързано към”
Забележка: Подвързано към... В библиогр. каре загл. Великотърновски манастири. - Парал. текст на рус. и нем. ез. - 20 000 тир. - 1.02 лв.
650 #0 - Допълнително описание по предмет – тема
Основно описание – тема или топоним Манастири, български
9 (RLIN) 161121
651 #7 - Допълнително описание по предмет - топоним
9 (RLIN) 178699
Географско понятие Великотърновско
700 ## - Други автори (авторска отговорност)
9 (RLIN) 966
Лично име Йотова, Лариса М.
Автороска отговорност (Описва отношението между автора и произведението) прев.
700 ## - Други автори (авторска отговорност)
9 (RLIN) 966
Лично име Матлиев, Михаил
Автороска отговорност (Описва отношението между автора и произведението) прев.
852 ## - Местоположение
Фондова буква Хранилище
Форматна сигнатура Цб І 39897
999 ## - СИСТЕМНИ КОНТРОЛНИ НОМЕРА
Koha biblionumber 388073
Koha biblioitemnumber 388073
942 ## - АРТИКУЛИ
Вид на библиотечния материал Графични издания
Скрит в OPAC Не
Периодичен библиозапис Да
944 ## - СЪЗДАВАНЕ И РЕДАКЦИЯ на ЗАПИСА
Създаване/Редакция Създаване
Дата на регистрацията/редакция 2020-09-23
Служител, извършил регистрацията/редакцията К.Д.
Наличности
Код за отписване Код за изгубен артикул Източник на класификационната схема Код за повреда Коз за рестрикции Код за отдаване Артикулен № Име на библиотеката - собственик Име на библиотеката, в която се намира в момента Статус (Текущо местоположение) Дата на вписване в системата Местоположение - отдел Цена в лева Инвентарен номер Систематично азбучна сигнатура Баркод Цена в евро Служебен тип на артикула
  Не е изгубен Universal Decimal Classification Не е повреден само за читалня ползва се в читалня 800368 Регионална библиотека "Любен Каравелов" Русе Регионална библиотека "Любен Каравелов" Русе Хранилище 2020-09-23 Хранилище 1.02 441719 Цб I 39897 120000441719 0.52 Графични издания
Vip Innovations Ltd, Rousse, Bulgaria 2025